Dream SMP - Statistics

General Stats
  • This quiz has been taken 1,890 times
  • The average score is 24 of 36
Answer Stats
Hint Answer % Correct
The server owner Dream
100%
"Language" Bad
98%
A child Tommy
97%
The British server operator George
96%
The furry Fundy
95%
President of L'Manberg Wilbur
94%
MC skin resembles a diamond block Skeppy
93%
Mexican Dream Quackity
92%
Big law/big crime Tubbo
92%
Formerly PandascanPVP Sapnap
90%
Dream's sister Drista
89%
The blood god Techno
89%
Sapnap's fiance Karl
85%
Know for his LGBTQ+ friendly streams Eret
80%
Mute server operator Callahan
79%
President of Manberg jschlatt
77%
Tommy's cow Henry
76%
Close to violet Purpled
73%
Tommy's prized possesions Discs
70%
Known for his redstone skill awesamdude
68%
Known for his lemon trees Ponk
68%
The fourth hunter Antfrost
66%
Wilbur's political party Pog2020
57%
Dream's horse Spirit
57%
Quackity's political party Swag2020
55%
"Dating" answer above Alyssa
53%
Fundy's maid HBomb
53%
What WAP stands for Worship and prayer
50%
Sapnap's fish Mars
46%
Usually on his own side Punz
45%
Stress relievers Pufferfish
28%
The official religion Twitch Prime
25%
Date of the Manberg vs. Pogtopia war November 16
15%
The third and newly formed faction Badlands
11%
Sam's dog Fran
10%
The ____________ Tower Intimidation
4%
No matching quizzes found
Score Distribution
Percent of People with Each Score
Percentile by Number Answered
Your Score History
You have not taken this quiz